Normal view MARC view

Entry Topical Term

Number of records used in: 1

001 - CONTROL NUMBER

  • control field: 17181

003 - CONTROL NUMBER IDENTIFIER

  • control field: AUA.1

005 - DATE AND TIME OF LATEST TRANSACTION

  • control field: 20111208113156.0

008 - FIXED-LENGTH DATA ELEMENTS

  • fixed length control field: 111208|||a|||||| | ||| d

040 ## - CATALOGING SOURCE

  • Original cataloging agency: AUA.1
  • Transcribing agency: AUA.1

150 ## - HEADING--TOPICAL TERM

  • Topical term or geographic name as entry element: Color your world with natural church development:
  • Form subdivision: Experiencing all tha God has designed you to be/
  • General subdivision: God has designed you
  • Chronological subdivision: natural church development:

670 ## - SOURCE DATA FOUND

  • Source citation: Work cat.: (AUA.1): Christian A. Schwarz 17180, Color your world with natural church development:, 2005.